From the “Smart City” to the “Smart Metropolis”? Building Resilience in the Urban Periphery

„Smart city“ ako trend pre urbanistické plánovanie a strategický rozvoj. Jeho potenciál v okrajových mestských častiach a z toho vyplývajúce obavy. Popis šiestich európskych plánov zameraných na „smart city“, ich zhodnotenie podľa rôznych kritérií.

Na minha lista:
Detalhes bibliográficos
Autor principal: De Falco, Stefano
Outros Autores: Angelidou, Margarita, D Addie, Jean-Paul
Formato: Capítulo de Livro
Idioma:inglês
Assuntos:
Tags: Adicionar Tag
Sem tags, seja o primeiro a adicionar uma tag!

MARC

LEADER 00000naa a2200000 4500
001 0256011
005 20221104111403.1
041 0 |a eng 
044 |a GB 
245 1 0 |a From the “Smart City” to the “Smart Metropolis”? Building Resilience in the Urban Periphery  |c Stefano De Falco, Margarita Angelidou, Jean-Paul D Addie 
520 |a „Smart city“ ako trend pre urbanistické plánovanie a strategický rozvoj. Jeho potenciál v okrajových mestských častiach a z toho vyplývajúce obavy. Popis šiestich európskych plánov zameraných na „smart city“, ich zhodnotenie podľa rôznych kritérií. 
610 2 0 |a urbanizmus 
610 2 0 |a technológie nové 
610 2 0 |a sídliská 
610 2 0 |a mestá 
610 2 0 |a mestá inteligentné 
610 2 0 |a inovácie technologické 
100 1 |a De Falco, Stefano 
700 1 |a Angelidou, Margarita 
700 1 |a D Addie, Jean-Paul